000 00447nam a2200133Ia 4500
008 260210s9999 xx 000 0 und d
024 _a16B-219-EL, 16B-115-EL & 16B-108-EL
082 _a629.072 SYE
100 _aSyed Ahmed ul Hassan, M.Safi Farooqi & Saud Ali Shah
245 0 _aAutonomous Wheel Chair Using Lidar
260 _aKarachi:
_bUITU,
_c2016
600 _aComputer System Engineering
650 _aBachelor of Engineering (BE)
999 _c32776
_d32776